000 00787nam a2200217Ia 4500
003 GCL
008 140319s9999 xx 000 0 ara d
040 _aGCL /
_cGCL
082 0 4 _aق
_b962.063
_bف م
100 1 _aفادية سراج الدين
245 1 0 _aالمواجهة مصر واسرائيل 1952_ 1956 /
_cفادية سراج الدين
260 _a[S.N] :
_bالهيئة المصرية العامة للكتاب ،
_c1993
300 _a255 ص
490 _a
650 0 4 _aالصهيونية
650 0 4 _aثورة 23 يوليو 1952
650 0 4 _aالاعتداء الثلاثى على مصر 1956
650 0 4 _aمصر - تاريخ - العصر الحديث - جمال عبدالناصر ( 1954-1970 )
650 0 4 _aجمال عبدالناصر
942 _2ddc
_cBK
999 _c35059
_d35059